Digitálny marketing vo vybranej spoločnosti bakalárska práca

Uložené v:
Podrobná bibliografia
Hlavný autor: Brinzová, Ivana
Korporativný autor: Obchodná fakulta EU. Katedra marketingu
Ďalší autori: Oláh, Ľuboš
Médium: Kniha
Jazyk:Slovak
Vydavateľské údaje: Bratislava 2018
Tagy: Pridať tag
Žiadne tagy, Buďte prvý, kto otaguje tento záznam!

MARC

LEADER 00000nbm a2200000 4500
001 0245077
005 20180815082549.2
041 0 |a slo 
044 |a SK 
245 1 0 |a Digitálny marketing vo vybranej spoločnosti  |b bakalárska práca  |c Ivana Brinzová ; školiteľ: Ľuboš Oláh 
264 1 |a Bratislava  |c 2018 
300 |a 49 s. 
100 1 |a Brinzová, Ivana 
700 1 |a Oláh, Ľuboš 
710 2 |a Obchodná fakulta EU. Katedra marketingu